000 00417nam a2200169 a 4500
005 20140412111324.0
008 001113s19uu xx 00 eng d
020 _a4-915249-80-8
050 _aER
_bPe44 1996
100 _aHirata, Shogo
245 _aPeter pan /
_cby Shogo Hirata.
260 _aTokyo :
_bJoie,
_c1991.
300 _a25 p. ; ill.
650 _aFairy tales
650 _aFolklore
999 _c104508
_d104508